LIBRARY & INFORMATION CENTRE, KCAET, TAVANUR

ONLINE PUBLIC ACCESS CATALOGUE (OPAC)

Design Data handbook for Mechanical Engineers / (Record no. 7076)

MARC details
000 -LEADER
fixed length control field 00409cam a2200145ua 4500
020 ## - INTERNATIONAL STANDARD BOOK NUMBER
ISBN 9788123923154
082 ## - DEWEY DECIMAL CLASSIFICATION NUMBER
Classification number 621.815
Item number MAH/DE
100 ## - MAIN ENTRY--AUTHOR NAME
Personal name Mahadevan, K .
245 00 - TITLE STATEMENT
Title Design Data handbook for Mechanical Engineers /
250 ## - EDITION STATEMENT
Edition statement 2 / 3/ 4
260 ## - PUBLICATION, DISTRIBUTION, ETC. (IMPRINT)
Place of publication New Delhi :
Name of publisher C B S Publishers & Distributers Pvt. Ltd,
Year of publication 2013
300 ## - PHYSICAL DESCRIPTION
Number of Pages 430 ; .497
700 1# - ADDED ENTRY--PERSONAL NAME
Personal name Balaveera Reddy, K .
942 ## - ADDED ENTRY ELEMENTS (KOHA)
Koha item type Books
Holdings
Withdrawn status Lost status Damaged status Home library Current library Date acquired Full call number Accession Number Koha item type Collection code Shelving location Source of acquisition Cost, normal purchase price
      KAUAET KAUAET 29/04/1986 028.71621 15241 Reference        
      KAUAET KAUAET 30/03/2013 621.815 MAH/DE 23648 Books Non-fiction General Stacks Calicut Book Distributors 355.00
      KAUAET KAUAET 11/07/2016 621.815 MAH/DE 24962 Books   General Stacks Aman Book Stall, Calicut 395.00
free website counter